000 00560nam a2200217Ia 4500
003 OSt
005 20220928140752.0
006 a|||||r|||| 00| 0
007 ta
008 220927b |||||||| |||| 00| 0 eng d
024 _a11711
037 _cTextual
040 _aSDCL
_cSDCL
_beng
041 _2eng
_aeng
082 _aO-,3M85:g, L3
100 _aSanders Scott
_9497546
245 0 _aD H Lawrence
_bThe world of the major novels.
260 _c1973
942 _hO-,3M85:g, L3
_cTEXL
_2CC
999 _c814129
_d814129